Výchova k rodičovství : výběr literatury z fondu Univerzitní knihovny, Brno /

Hlavní autor: Čermáková, Dana
Další autoři: Fišerová, Věra
Jazyk: Čeština
Vydáno: Brno : Univerzitní knihovna, 1975
Edice: Bibliografické letáky Universitní knihovny v Brně
Fyzický popis: 6 nečíslovaných stran ; 8°
Knihy
Uloženo v:
LEADER 01701nam a22003732i 4500
001 001564263
003 CZ BrMZK
005 20170504073724.0
007 ta
008 170213s1975 xr er|||||||||||cze d
015 |a cnb000409740 
035 |a (OCoLC)42162392 
040 |a ABA001  |b cze  |c HKA001  |d ABA001  |d BOA001  |e rda 
080 9 |a 019.922:173.3 
100 1 |a Čermáková, Dana  |7 xx0107524  |4 aut 
245 1 0 |a Výchova k rodičovství :  |b výběr literatury z fondu Univerzitní knihovny, Brno /  |c zpracovala Dana Čermáková ; úvod Věra Fišerová 
264 1 |a Brno :  |b Univerzitní knihovna,  |c 1975 
300 |a 6 nečíslovaných stran ;  |c 8° 
336 |a text  |b txt  |2 rdacontent 
337 |a bez média  |b n  |2 rdamedia 
338 |a svazek  |b nc  |2 rdacarrier 
490 1 |a Bibliografické letáky Universitní knihovny v Brně ;  |v číslo 186 
500 |a 400 výt. 
700 1 |a Fišerová, Věra  |4 wfw 
830 0 |a Bibliografické letáky Universitní knihovny v Brně  |0 s 
910 |a BOA001  |b X-0757.869  |b PK-0077.208 
990 |a BK 
991 |b 201702 
996 7 |b 2619191675  |c X-0757.869  |l MZK  |r Sklad / do 24 hodin  |n 0  |w 001599627  |u 000050  |a 1  |e BOA001  |j MZK50  |s A 
996 7 |b 2619191676  |c X-0757.869  |l MZK  |r Sklad / do 24 hodin  |n 0  |w 001599627  |u 000040  |a 1  |e BOA001  |j MZK50  |s A 
996 7 |b 2619191677  |c X-0757.869  |l MZK  |r Sklad / do 24 hodin  |n 0  |w 001599627  |u 000030  |a 1  |e BOA001  |j MZK50  |s A 
996 6 |b 2619191678  |c X-0757.869  |l MZK  |r Sklad / do 24 hodin  |n 0  |w 001599627  |u 000020  |a 1  |e BOA001  |j MZK50  |s P 
996 7 |b 2619191679  |c X-0757.869  |l MZK  |r Sklad / do 24 hodin  |n 0  |w 001599627  |u 000010  |a 1  |e BOA001  |j MZK50  |s A 
996 7 |b 3119823580  |c PK-0077.208  |l MZK  |r Sklad / do 1 hodiny  |n 1  |w 001599627  |u 000060  |a 1  |e BOA001  |j MZK50  |s A